| 000 | 00981nam a2200277 i 4500 | ||
|---|---|---|---|
| 003 | DO-SdBNP | ||
| 005 | 20250226125323.0 | ||
| 007 | ta | ||
| 008 | 250226b2011 dr ||||| |||| 00| 0 spa d | ||
| 020 | _a9789945471274 | ||
| 040 |
_aDO-SdBNP _bspa _cBNPHU _erda |
||
| 082 | 4 |
_axxx _bxxx _222 |
|
| 100 |
_aVenegas, Camilo, _d1967- _eautor _4aut. _958100 |
||
| 245 | 1 | 0 |
_aPor qué decimos adiós cuando pasan los trenes? / _cCamilo Venegas ; edición, Alejandro Aguilar ; corrección, Lérida Yero |
| 264 | 4 |
_aSanto Domingo : _bCapital Books, _c©2011. |
|
| 300 |
_a157 páginas ; _c22 cm. |
||
| 336 |
_atexto _btxt _2rdacontent |
||
| 337 |
_asin mediación _bn _2rdamedia |
||
| 338 |
_avolumen _bnc _2rdacarrier |
||
| 500 | _aIncluye datos biográficos del autor en la solapa de la cubierta | ||
| 590 | _aInventariado, 2025/BT | ||
| 700 | 1 |
_aAguilar, Alejandro, _eedición _4ed. _921644 |
|
| 700 | 1 |
_eYero, Lérida, _acorrector _4corr. _987074 |
|
| 910 | _aBtavárez | ||
| 942 |
_2ddc _cLBS1 |
||
| 999 |
_c58254 _d58254 |
||